000 00512nam a2200193 a 4500
001 1771681179739
003 YourLibrary
005 20260221191139.0
008 260221s2000##################000#0#eng##
020 _a9780521587372
082 0 4 _a320.9470
_bWEI
100 1 _aWhite, Stephen,
_eauthor.
245 1 0 _aRussia's New Politics :
260 _bCambridge University Press,
_c2000.
300 _a404 pages
650 0 _aPolitical Science.
942 _cENGLISH
040 _aYourLibrary
_beng
_cYourLibrary
999 _c615395
_d615395